Associez l'auteur au mouvement littéraire - Statistiques

Statistiques générales
  • Ce quiz a été pris 202 fois
    165 depuis la dernière actualisation
  • Le résultat moyen est 17 sur 52
Statistiques - réponses
Hint Extra Hint Réponse % Correct
Denis Diderot Lumières
66%
Victor Hugo « Homme océan », « Homme siècle » Romantisme
62%
Jean-Jacques Rousseau Lumières
55%
Émile Zola Naturalisme
55%
Nathalie Sarraute Nouveau roman
54%
Jean de La Fontaine Classicisme
52%
Voltaire François-Marie Arouet Lumières
52%
Montesquieu Charles Louis de Secondat Lumières
51%
Molière Jean-Baptiste Poquelin Classicisme
49%
Alfred de Musset Romantisme
46%
Gustave Flaubert Réalisme
45%
Pierre de Ronsard Pléiade
43%
Jean Racine Classicisme
42%
Michel de Montaigne Michel Eyquem Humanisme
42%
Honoré de Balzac Réalisme
42%
Eugène Ionesco Absurde
40%
François Rabelais Humanisme
40%
Alphonse de Lamartine Romantisme
40%
Joachim du Bellay Pléiade
38%
Arthur Rimbaud Symbolisme
37%
André Breton Surréalisme
35%
Jean de La Bruyère Classicisme
34%
François-René de Chateaubriand Romantisme
34%
George Sand Aurore Dupin, baronne Dudevant Romantisme
32%
Paul Éluard Surréalisme
32%
Didier Érasme Érasme de Rotterdam Humanisme
31%
Marguerite Duras Nouveau roman
31%
Théophile Gautier Parnasse
28%
Honoré d'Urfé Baroque
26%
Marivaux Pierre Carlet Lumières
26%
Alain Robbe-Grillet Nouveau roman
26%
Michel Butor Nouveau roman
26%
Jacques-Bénigne Bossuet « Aigle de Meaux » Classicisme
23%
Alexandre Dumas Père Romantisme
23%
Louis Aragon Surréalisme
23%
Théophile de Viau Baroque
22%
Thomas More Humanisme
22%
Jean Le Rond d'Alembert Lumières
22%
Pierre-Augustin Caron de Beaumarchais Lumières
22%
Frères Goncourt Edmond de Goncourt et Jules de Goncourt Naturalisme
22%
Jean-Paul Sartre Absurde
20%
François de La Rochefoucauld François VI, 2ème duc de La Rochefoucauld Classicisme
20%
José-Maria de Heredia Parnasse
20%
Robert Desnos Surréalisme
20%
Leconte de Lisle Parnasse
18%
Gérard de Nerval Gérard Labrunie Romantisme
17%
Théodore Agrippa d'Aubigné Baroque
15%
Alfred Victor de Vigny Comte de Vigny Romantisme
15%
Paul Scarron Baroque
14%
Pierre Choderlos de Laclos Lumières
12%
Jean Moréas Symbolisme
12%
Alphonse Daudet Naturalisme
8%
Aucun quiz correspondant
Distribution des résultats
% des personnes avec chaque résultat
Percentile par nombre de réponses
Votre historique - résultats
Vous n’avez pas pris ce quiz depuis la dernière actualisation